书目信息 |
| 题名: |
中国经济增长与发展新模式
|
|
| 作者: | 郜若素 , 蔡昉 , 宋立刚 主编 | |
| 分册: | ||
| 出版信息: | 北京 社会科学文献出版社 2014 |
|
| 页数: | 320页 | |
| 开本: | 24cm | |
| 丛书名: | “中国经济前沿”丛书 | |
| 单 册: | ||
| 中图分类: | F124.1 | |
| 科图分类: | ||
| 主题词: | 中国经济--经济增长模型--研究 , 中国经济--经济发展模式--研究 , 中国经济 , 经济增长模型 , 经济发展模式 | |
| 电子资源: | ||
| ISBN: | 978-7-5097-5491-7 | |
| 000 | 01361oam2 2200337 450 | |
| 001 | 523 | |
| 005 | 20140908161726.35 | |
| 010 | @a978-7-5097-5491-7@dCNY69.00 | |
| 100 | @a20140417d2014 em y0chiy50 ea | |
| 101 | 0 | @achi |
| 102 | @aCN@b110000 | |
| 105 | @ay z 000yy | |
| 106 | @ar | |
| 200 | 1 | @a中国经济增长与发展新模式@AZhong Guo Jing Ji Zeng Chang Yu Fa Zhan Xin Mo Shi@dChina: a new model for growth and development@f(澳)郜若素(Ross Garnaut),蔡昉,宋立刚主编@F( Ao ) Gao Ruo Su (Ross Garnaut), Cai昉, Song Li Gang Zhu Bian@zeng |
| 210 | @a北京@c社会科学文献出版社@d2014 | |
| 215 | @a320页@d24cm | |
| 225 | 2 | @a“中国经济前沿”丛书 |
| 330 | @a本书收录了《中国长期增长与发展的新战略:责任与启示》、《适应新发展模式的制度安排》、《中国发展中的新常态》、《中国的工业化:路径依赖及转向新模型》等文章。 | |
| 461 | 0 | @12001 @a“中国经济前沿”丛书 |
| 510 | 1 | @aChina: a new model for growth and development@zeng |
| 606 | 0 | @a中国经济@x经济增长模型@x研究 |
| 606 | 0 | @a中国经济@x经济发展模式@x研究 |
| 606 | 0 | @a中国经济 |
| 606 | 0 | @a经济增长模型 |
| 606 | 0 | @a经济发展模式 |
| 690 | @aF124.1@v5 | |
| 701 | 0 | @c(澳)@a郜若素@AGao Ruo Su@c(Garnaut, Ross@f1946~)@4主编 |
| 701 | 0 | @a蔡昉@ACai昉@f(1956~)@4主编 |
| 701 | 0 | @a宋立刚@ASong Li Gang@f(1955.8~)@4主编 |
| 801 | 0 | @aCN@bTANGWEI@c20140603 |
| 905 | @b0838222-24@dF124.1@e195@f3 | |
| 中国经济增长与发展新模式=China: a new model for growth and development/(澳)郜若素(Ross Garnaut),蔡昉,宋立刚主编.-北京:社会科学文献出版社,2014 |
| 320页;24cm.-(“中国经济前沿”丛书) |
| ISBN 978-7-5097-5491-7:CNY69.00 |
| 本书收录了《中国长期增长与发展的新战略:责任与启示》、《适应新发展模式的制度安排》、《中国发展中的新常态》、《中国的工业化:路径依赖及转向新模型》等文章。 |
| ● |
| 相关链接 |
|
|
|
|
正题名:中国经济增长与发展新模式
索取号:F124.1/195
 
预约/预借
| 序号 | 登录号 | 条形码 | 馆藏地/架位号 | 状态 | 备注 |
| 1 | 0838222 | 208382221 | 第一样本阅览室/ [索取号:F124.1/195] | 在馆 | |
| 2 | 0838223 | 208382230 | 第一借阅区/ [索取号:F124.1/195] | 在馆 | |
| 3 | 0838224 | 208382249 | 密集书库-海洋学院/ [索取号:F124.1/195] | 在馆 |